Poetas japonesas / (Registro nro. 569)
[ vista simple ]
| 000 -LEADER | |
|---|---|
| fixed length control field | 00643nam a22002297a 4500 |
| 003 - CONTROL NUMBER IDENTIFIER | |
| control field | OSt |
| 005 - DATE AND TIME OF LATEST TRANSACTION | |
| control field | 20250828112516.0 |
| 008 - FIXED-LENGTH DATA ELEMENTS--GENERAL INFORMATION | |
| fixed length control field | 250828t2016 ag |||||r|||| 00| p spa d |
| 020 ## - INTERNATIONAL STANDARD BOOK NUMBER | |
| International Standard Book Number | 978-987-45682-4-3 |
| 040 ## - CATALOGING SOURCE | |
| Transcribing agency | Besoc |
| 080 ## - UNIVERSAL DECIMAL CLASSIFICATION NUMBER | |
| Authority record control number or standard number | 82-1(520) |
| 245 00 - TITLE STATEMENT | |
| Title | Poetas japonesas / |
| Statement of responsibility, etc. | Seleción y versiones de Laura Crespi. |
| 250 ## - EDITION STATEMENT | |
| Edition statement | 1a ed. |
| 260 ## - PUBLICATION, DISTRIBUTION, ETC. | |
| Place of publication, distribution, etc. | Córdoba : |
| Name of publisher, distributor, etc. | Postales Japonesas, |
| Date of publication, distribution, etc. | 2016. |
| 300 ## - PHYSICAL DESCRIPTION | |
| Extent | 82 p. ; |
| Dimensions | 21 cm. |
| 490 0# - SERIES STATEMENT | |
| Series statement | Colección Poesía |
| Volume/sequential designation | 9 |
| 546 ## - LANGUAGE NOTE | |
| Language note | Edición Bilingüe: Español-Japonés |
| 650 4# - SUBJECT ADDED ENTRY--TOPICAL TERM | |
| Topical term or geographic name entry element | Literatura japonesa |
| Form subdivision | Poesía |
| 655 4# - INDEX TERM--GENRE/FORM | |
| Genre/form data or focus term | Poesía |
| 700 1# - ADDED ENTRY--PERSONAL NAME | |
| Personal name | Crespi, Laura, |
| Dates associated with a name | 1973- |
| 942 ## - ADDED ENTRY ELEMENTS (KOHA) | |
| Source of classification or shelving scheme | Universal Decimal Classification |
| Koha item type | Libro de préstamo a domicilio |
| Suppress in OPAC | No |
| Withdrawn status | Lost status | Source of classification or shelving scheme | Damaged status | Not for loan | Collection | Home library | Current library | Date acquired | Source of acquisition | Total checkouts | Full call number | Barcode | Date due | Date last seen | Date last checked out | Price effective from | Koha item type |
|---|---|---|---|---|---|---|---|---|---|---|---|---|---|---|---|---|---|
| Universal Decimal Classification | Colección General | Biblioteca Escuela de Ciencias Sociales | Biblioteca Escuela de Ciencias Sociales | 28/08/2025 | Donación 2023 | 3 | 82-1(520) P745 | 000167 | 29/07/2026 | 23/06/2026 | 23/06/2026 | 28/08/2025 | Libro de préstamo a domicilio |